| 000 | 01049nam a2200253 i 4500 | ||
|---|---|---|---|
| 001 | 47731 | ||
| 003 | ES-MaACL | ||
| 005 | 20250822062528.0 | ||
| 007 | t| | ||
| 008 | 030520s2002 sp a |||| |dspa j | ||
| 020 | _a84-369-3551-9 | ||
| 080 | _a74/76 Goya, Francisco de (083.824) | ||
| 245 | 0 | 0 |
_aGoya 1900 _b: catálogo ilustrado y estudio de la exposición en el Ministerio de Instrucción Pública y Bellas Artes. |
| 260 |
_a[Madrid] : _bMinisterio de Educación, Cultura y Deporte, Secretaría General Técnica, Subdirección General de Información y Publicaciones, _c[2002] |
||
| 300 |
_a2 v. : _bil. ; _c27 cm. |
||
| 600 | 1 | 4 |
_aGoya, Francisco de, _d1746-1828 _9240353 |
| 655 | 7 |
_2tgfbne _9193628 _aCatálogos de exposiciones |
|
| 700 | 1 |
_aGoya, Francisco de, _d1746-1828 _9240353 |
|
| 710 | 1 |
_aEspaña. _bMinisterio de Educación, Cultura y Deporte. _93858 |
|
| 710 | 1 |
_aEspaña. _bMinisterio de Instrucción Pública y Bellas Artes _9226896 |
|
| 852 |
_aES-MaACL _jL-26328-29 |
||
| 942 | _2udc | ||
| 999 |
_c47731 _d47731 |
||